00928 a2200157 4500003000500000005001700005040000900022082001400031100002400045245007800069260002600147300001100173505053700184600002200721650002700743Nust20221024093138.0 cNust a621.3.COR aCorcoran, George F. aIntroductory electrical engineering /cGeorge F. Corcoran & Henry R. Reed aNew YorkbWileyc1957 a527 p. aElectric Charge and Associated Energy (Page-1), Electric Current and Associated power (Page-34), D-C Circuit Analysis (Page-95), Magnetic Field Concepts (Page-170), Magnetic Effects (Page-214), Ferromagnetic Circuits (Page-266), Inductance (Page-317), The Electric Field (Page-364), Capacitance (Page-409), Boundary - :Layer Voltages (Page-465), A Units (Page-493), B Determinants (Page-506), C Energy Levels of Orbital Electrons (Page-517), D Chemical Element Referred to in This Text (Page-518), Appendix E Wire Table (Page-519).  aGeorge F Corcoran aElectrical engineering